[Event "Copa Latina 2015"]
[Site "Vicente Lopez ARG"]
[Date "2015.03.19"]
[Round "1.26"]
[White "Castro, Lennin David"]
[Black "Paveto, Kevin"]
[Result "0-1"]
[WhiteElo "1958"]
[BlackElo "2397"]
[PlyCount "70"]
[EventDate "2015.03.19"]
[EventType "swiss"]
[EventRounds "9"]
[EventCountry "ARG"]
[Source "lmi"]
[SourceDate "2015.03.19"]

1. Nf3 Nf6 2. g3 g6 3. Bg2 Bg7 4. O-O O-O 5. d4 d5 6. c4 c6 7. b3 Ne4 8. Bb2
Nd7 9. Nc3 Nxc3 10. Bxc3 Nf6 11. Rc1 Ne4 12. Ba1 Qa5 13. Rc2 Bf5 14. Nd2 Nd6
15. Rc1 Qxa2 16. f3 Be6 17. Bc3 dxc4 18. Ra1 Nb5 19. Rxa2 Nxc3 20. Qe1 Nxa2 21.
Nxc4 Bxd4+ 22. e3 Bg7 23. Qa5 Nc3 24. h4 b5 25. Nd2 Rfd8 26. Ne4 Nxe4 27. fxe4
Be5 28. Qb4 Rd6 29. Kh2 a5 30. Qc5 f6 31. Qc2 a4 32. bxa4 bxa4 33. Rf2 a3 34.
Bh3 Bf7 35. Qb1 a2 0-1

[Event "Copa Latina 2015"]
[Site "Vicente Lopez ARG"]
[Date "2015.03.19"]
[Round "1.28"]
[White "Lo Presti, Roberto"]
[Black "Pierrot, Facundo"]
[Result "1/2-1/2"]
[WhiteElo "1950"]
[BlackElo "2380"]
[PlyCount "90"]
[EventDate "2015.03.19"]
[EventType "swiss"]
[EventRounds "9"]
[EventCountry "ARG"]
[Source "lmi"]
[SourceDate "2015.03.19"]

1. e4 e5 2. Nc3 Nf6 3. f4 d5 4. fxe5 Nxe4 5. Nf3 Be7 6. d4 O-O 7. Bd3 Bf5 8.
O-O Nc6 9. Qe1 Nb4 10. Nxe4 dxe4 11. Bxe4 Nxc2 12. Bxc2 Bxc2 13. Be3 Qd7 14.
Qd2 Bg6 15. Rac1 c6 16. Qf2 Rad8 17. Nh4 Bd3 18. Rfd1 Be4 19. Qf4 Qd5 20. a3
Bxh4 21. Qxh4 Bxg2 22. Qg3 Be4 23. Rf1 Rfe8 24. h4 h5 25. Kh2 Re6 26. Rf6 Bg6
27. Rf2 b6 28. Rg1 Qb3 29. Qf4 Qd5 30. Rg5 Rde8 31. Rfg2 c5 32. dxc5 Rxe5 33.
cxb6 axb6 34. Rxe5 Rxe5 35. Rd2 Qe6 36. Bxb6 Re4 37. Qb8+ Kh7 38. Bf2 Rg4 39.
Bg3 Qe3 40. Rf2 Be4 41. Qe5 Qc1 42. Qxh5+ Kg8 43. Qxf7+ Kh7 44. Qh5+ Kg8 45.
Qf7+ Kh7 1/2-1/2

[Event "Copa Latina 2015"]
[Site "Vicente Lopez ARG"]
[Date "2015.03.19"]
[Round "1.29"]
[White "Sosa, Tomas"]
[Black "Zimmermann, Kleber Renato P"]
[Result "1-0"]
[WhiteElo "2368"]
[BlackElo "1946"]
[PlyCount "107"]
[EventDate "2015.03.19"]
[EventType "swiss"]
[EventRounds "9"]
[EventCountry "ARG"]
[Source "lmi"]
[SourceDate "2015.03.19"]

1. e4 c5 2. Nf3 d6 3. d4 cxd4 4. Nxd4 Nf6 5. Nc3 a6 6. f4 e5 7. Nf3 Qc7 8. a4
Be6 9. Bd3 Nbd7 10. O-O Be7 11. Kh1 Rc8 12. Qe1 O-O 13. Nh4 g6 14. f5 Bc4 15.
Bh6 Rfe8 16. fxg6 fxg6 17. Nf5 Be6 18. Ng7 Bf7 19. Nxe8 Rxe8 20. Bg5 Be6 21.
Qh4 Qd8 22. Rf3 Nh5 23. Bxe7 Qxe7 24. Qxe7 Rxe7 25. g3 Nhf6 26. Be2 Kg7 27. Rd1
Nc5 28. Re3 Ne8 29. a5 Rf7 30. Kg1 Kf8 31. b4 Nd7 32. b5 Nc5 33. bxa6 bxa6 34.
Rb1 Rc7 35. Rb6 Ke7 36. Bxa6 Ra7 37. Bb5 Nc7 38. a6 Nxb5 39. Nxb5 Rxa6 40. Rxa6
Nxa6 41. Ra3 Nc5 42. Ra7+ Bd7 43. Nc3 Ke6 44. Kf2 h5 45. Ke3 Bc6 46. Rc7 Ba8
47. h4 Bb7 48. Nb5 Ba8 49. Rxc5 dxc5 50. Nc7+ Kd7 51. Nxa8 Kc6 52. Kd3 Kb7 53.
Kc4 Kxa8 54. Kxc5 1-0

[Event "Copa Latina 2015"]
[Site "Vicente Lopez ARG"]
[Date "2015.03.19"]
[Round "1.30"]
[White "Maucci, Marcelo"]
[Black "Escalante Ramirez, Brian Sebas"]
[Result "0-1"]
[WhiteElo "1940"]
[BlackElo "2365"]
[PlyCount "62"]
[EventDate "2015.03.19"]
[EventType "swiss"]
[EventRounds "9"]
[EventCountry "ARG"]
[Source "lmi"]
[SourceDate "2015.03.19"]

1. e4 e6 2. d4 d5 3. Nd2 Nf6 4. e5 Nfd7 5. f4 c5 6. c3 Nc6 7. Ndf3 g6 8. h4 h5
9. Be3 cxd4 10. cxd4 Nb6 11. Rc1 Bd7 12. Kf2 Rc8 13. g3 Ne7 14. Kg2 Nc4 15.
Bxc4 dxc4 16. Ne2 Nd5 17. Bf2 b5 18. Nc3 Bc6 19. Re1 Nxc3 20. bxc3 Qd5 21. Be3
a5 22. Rf1 Be7 23. Kh2 O-O 24. Qc2 Rb8 25. Rf2 Qe4 26. Qe2 Bd5 27. Rg1 b4 28.
g4 hxg4 29. Rxg4 bxc3 30. h5 Rb2 31. Qe1 Qxf3 0-1

[Event "Copa Latina 2015"]
[Site "Vicente Lopez ARG"]
[Date "2015.03.19"]
[Round "1.32"]
[White "Paolini, Claudio"]
[Black "Perez Gormaz, Matias"]
[Result "0-1"]
[WhiteElo "1935"]
[BlackElo "2349"]
[PlyCount "77"]
[EventDate "2015.03.19"]
[EventType "swiss"]
[EventRounds "9"]
[EventCountry "ARG"]
[Source "lmi"]
[SourceDate "2015.03.19"]

1. e4 c5 2. Nf3 d6 3. d4 cxd4 4. Nxd4 Nf6 5. Nc3 a6 6. Be2 e5 7. Nb3 Be7 8. O-O
O-O 9. Kh1 b6 10. Bg5 Nbd7 11. f4 Bb7 12. Bf3 h6 13. Bxf6 Nxf6 14. Qd2 Qc7 15.
Rad1 Rac8 16. Qe3 Rfe8 17. fxe5 dxe5 18. Rd3 Bf8 19. Rfd1 Ba8 20. h3 b5 21.
R1d2 b4 22. Ne2 Bc6 23. c4 Ba4 24. Ng3 Qxc4 25. Nh5 Nxh5 26. Bxh5 Qc7 27. Qg3
g6 28. Bg4 Rcd8 29. h4 Bc6 30. Bf3 Rxd3 31. Rxd3 h5 32. Rd1 Bh6 33. Qf2 Rd8 34.
Qc5 Rxd1+ 35. Bxd1 Qd8 36. Bf3 Qxh4+ 37. Kg1 Qe1+ 38. Kh2 Bf4+ 39. g3 0-1

[Event "Copa Latina 2015"]
[Site "Vicente Lopez ARG"]
[Date "2015.03.19"]
[Round "1.33"]
[White "Moreda, Lucas"]
[Black "Moncayo Silva, Pablo"]
[Result "1-0"]
[WhiteElo "2333"]
[BlackElo "1912"]
[PlyCount "69"]
[EventDate "2015.03.19"]
[EventType "swiss"]
[EventRounds "9"]
[EventCountry "ARG"]
[Source "lmi"]
[SourceDate "2015.03.19"]

1. e4 e5 2. Nc3 Nc6 3. g3 Nf6 4. Bg2 Bb4 5. Nge2 d6 6. O-O Be6 7. Nd5 Bc5 8. c3
Bxd5 9. exd5 Ne7 10. d4 exd4 11. Bg5 Qd7 12. Nxd4 h6 13. Bxf6 gxf6 14. Re1
O-O-O 15. b4 Bb6 16. a4 Bxd4 17. Qxd4 Kb8 18. Qxf6 Ng6 19. c4 Ne5 20. c5 Qg4
21. Re4 Qh5 22. h4 Rhg8 23. a5 Ng4 24. Qf3 f5 25. Rf4 Qg6 26. Rxf5 Ne5 27. Rxe5
dxe5 28. d6 c6 29. a6 Rgf8 30. Qe2 Qf5 31. axb7 Qd7 32. Qa6 Qxb7 33. Qxb7+ Kxb7
34. b5 Rf7 35. bxc6+ 1-0

[Event "Copa Latina 2015"]
[Site "Vicente Lopez ARG"]
[Date "2015.03.19"]
[Round "1.34"]
[White "Fernandez Rodriguez, Antonio"]
[Black "Blit, Jacques"]
[Result "0-1"]
[WhiteElo "1905"]
[BlackElo "2325"]
[PlyCount "56"]
[EventDate "2015.03.19"]
[EventType "swiss"]
[EventRounds "9"]
[EventCountry "ARG"]
[Source "lmi"]
[SourceDate "2015.03.19"]

1. e4 c5 2. Nf3 Nc6 3. d4 cxd4 4. Nxd4 e5 5. Nb5 d6 6. N1c3 a6 7. Na3 b5 8. Nd5
Nce7 9. c3 Nxd5 10. Qxd5 Be6 11. Qd3 Nf6 12. Bg5 Be7 13. Be2 d5 14. Bxf6 Bxf6
15. Bf3 dxe4 16. Qxe4 Rc8 17. Rd1 Qa5 18. O-O O-O 19. Rd6 Be7 20. Rxe6 fxe6 21.
Nc2 Qxa2 22. Qxe5 Bf6 23. Qe2 Qxb2 24. Qxe6+ Kh8 25. Be4 Rce8 26. Qf5 g6 27.
Qg4 Qxc3 28. Ne3 Qd4 0-1

[Event "Copa Latina 2015"]
[Site "Vicente Lopez ARG"]
[Date "2015.03.19"]
[Round "1.36"]
[White "Lallana, Daniel"]
[Black "Acosta, Pablo Ismael"]
[Result "0-1"]
[WhiteElo "1901"]
[BlackElo "2304"]
[PlyCount "110"]
[EventDate "2015.03.19"]
[EventType "swiss"]
[EventRounds "9"]
[EventCountry "ARG"]
[Source "lmi"]
[SourceDate "2015.03.19"]

1. c4 c5 2. Nc3 g6 3. Nf3 Bg7 4. e3 Nf6 5. d4 cxd4 6. exd4 d5 7. h3 O-O 8. Be3
Nc6 9. Be2 Bf5 10. O-O Rc8 11. Rc1 dxc4 12. Bxc4 Na5 13. Be2 Nd5 14. Qd2 Nc4
15. Bxc4 Rxc4 16. Qe2 Rc8 17. Qb5 Nxc3 18. bxc3 Qc7 19. Rfd1 a6 20. Qb4 a5 21.
Qb3 Be4 22. Ng5 a4 23. Qxa4 Bd5 24. a3 Ra8 25. Qb4 Rfc8 26. Nf3 e6 27. c4 Bxc4
28. Nd2 b5 29. Ne4 Ra4 30. Qb2 Qe7 31. Rc3 Qd8 32. Qc1 Raa8 33. Bg5 f6 34. Bh6
Bxh6 35. Qxh6 Qe7 36. Rf3 f5 37. Ng5 Qg7 38. Qxg7+ Kxg7 39. Re3 Ra6 40. f4 Bd5
41. Rb1 Rc2 42. Nf3 Ra5 43. g4 h6 44. g5 hxg5 45. Nxg5 Ra4 46. Rb4 Kf6 47. Kf1
Rd2 48. Rxb5 Raxd4 49. Rb7 Rxf4+ 50. Ke1 Kxg5 51. Kxd2 Bxb7 52. Rxe6 Be4 53. a4
Rh4 54. a5 Rxh3 55. a6 Ra3 0-1

[Event "Copa Latina 2015"]
[Site "Vicente Lopez ARG"]
[Date "2015.03.19"]
[Round "1.37"]
[White "Perez, Maximiliamo"]
[Black "Da Silva, Joao Carlos Orguim"]
[Result "1-0"]
[WhiteElo "2271"]
[BlackElo "1895"]
[PlyCount "109"]
[EventDate "2015.03.19"]
[EventType "swiss"]
[EventRounds "9"]
[EventCountry "ARG"]
[Source "lmi"]
[SourceDate "2015.03.19"]

1. e4 c5 2. Nf3 Nc6 3. d4 cxd4 4. Nxd4 g6 5. c4 Bg7 6. Be3 Nf6 7. Nc3 d6 8. Be2
Bd7 9. O-O O-O 10. Qd2 Ng4 11. Bxg4 Bxg4 12. f3 Bd7 13. Nde2 Rc8 14. Rac1 Qa5
15. b3 Rfd8 16. Rfd1 a6 17. Nd5 Qxd2 18. Rxd2 Be6 19. Nb6 Rb8 20. Rcd1 Kf8 21.
Nf4 Ke8 22. Nfd5 Bxd5 23. cxd5 Ne5 24. Rc2 Nd7 25. Rdc1 Nc5 26. Kf1 f5 27. Bxc5
dxc5 28. Rxc5 Bd4 29. b4 fxe4 30. fxe4 e6 31. R1c4 Bxc5 32. bxc5 Ke7 33. Ke2
Kf6 34. Kd3 g5 35. a4 Ke7 36. a5 h5 37. Kd4 exd5 38. exd5 Rf8 39. g3 Rbd8 40.
Rc2 Rf5 41. Re2+ Kf6 42. d6 Rf1 43. Nd5+ Kg6 44. Re6+ Kf7 45. Re7+ Kf8 46. Nc7
Rd1+ 47. Ke5 Re1+ 48. Kf6 Rf1+ 49. Kg6 Kg8 50. Ne6 Rff8 51. Rg7+ Kh8 52. Nxf8
Rxf8 53. d7 h4 54. Re7 hxg3 55. Re8 1-0

[Event "Copa Latina 2015"]
[Site "Vicente Lopez ARG"]
[Date "2015.03.19"]
[Round "1.38"]
[White "Lang, German"]
[Black "Muniz, Rafael"]
[Result "0-1"]
[WhiteElo "1887"]
[BlackElo "2268"]
[PlyCount "93"]
[EventDate "2015.03.19"]
[EventType "swiss"]
[EventRounds "9"]
[EventCountry "ARG"]
[Source "lmi"]
[SourceDate "2015.03.19"]

1. e4 c5 2. Nf3 d6 3. Bc4 e6 4. Nc3 Nc6 5. d4 cxd4 6. Nxd4 Nf6 7. O-O Be7 8.
Kh1 O-O 9. f4 d5 10. exd5 exd5 11. Be2 Bc5 12. Be3 Qe7 13. Bg1 Rd8 14. a3 Bb6
15. Bf3 Ne4 16. Nxd5 Rxd5 17. Bxe4 Rxd4 18. Bxd4 Nxd4 19. Re1 Qf6 20. c3 Nf5
21. Qd3 Be6 22. Bxb7 Rd8 23. Qf3 Nh6 24. h3 Qh4 25. Rad1 Rf8 26. Qe2 Ng4 27.
Rd4 Bxd4 28. cxd4 Bc4 29. Qd2 h6 30. d5 Rd8 31. d6 Be6 32. Re2 Nf6 33. Kh2 Nh5
34. Re4 Qg3+ 35. Kh1 Nf6 36. Rd4 Bf5 37. Bc6 Bd7 38. Rd3 Qg6 39. Bf3 Qf5 40.
Kh2 Be6 41. b4 Qb5 42. Rd4 Qb6 43. a4 Ne8 44. d7 Nf6 45. Rd6 Qc7 46. Bc6 Bxd7
47. b5 0-1

[Event "Copa Latina 2015"]
[Site "Vicente Lopez ARG"]
[Date "2015.03.19"]
[Round "1.39"]
[White "Leon, Juan Carlos"]
[Black "Rengifo Blancas, Renzo Jhonath"]
[Result "1-0"]
[WhiteElo "2265"]
[BlackElo "1884"]
[PlyCount "121"]
[EventDate "2015.03.19"]
[EventType "swiss"]
[EventRounds "9"]
[EventCountry "ARG"]
[Source "lmi"]
[SourceDate "2015.03.19"]

1. e4 d6 2. d4 Nf6 3. Nc3 e5 4. Nf3 Nbd7 5. Bc4 Be7 6. O-O O-O 7. a4 a5 8. Re1
c6 9. b3 Qc7 10. Ba3 Nb6 11. Be2 Re8 12. h3 Bf8 13. Bf1 Bd7 14. Qd2 Rad8 15.
Qe3 Bc8 16. dxe5 dxe5 17. Bxf8 Rxf8 18. Rad1 Nbd7 19. Qa7 Nh5 20. g3 g6 21. Rd2
Ng7 22. Red1 f6 23. Bc4+ Kh8 24. Nh2 h5 25. g4 Kh7 26. Ne2 Rfe8 27. Ng3 h4 28.
Ngf1 Nf8 29. Nf3 g5 30. Ne3 Nge6 31. Bxe6 Nxe6 32. Nc4 Nf4 33. Kh2 Nxh3 34. Nd6
Bxg4 35. Nxe8 Rxe8 36. Qe3 Nf4 37. Rg1 Bc8 38. Qc5 Rd8 39. Rgd1 b6 40. Qc3 Rxd2
41. Rxd2 Kg6 42. b4 axb4 43. Qxb4 c5 44. Qb5 Be6 45. Qe8+ Bf7 46. Qd8 Qb7 47.
Nxe5+ fxe5 48. Rd6+ Ne6 49. Qxb6 Qxe4 50. Rxe6+ Bxe6 51. Qxe6+ Kh5 52. Qf7+ Kg4
53. a5 Qxc2 54. a6 c4 55. a7 Qa2 56. Qb7 Qd2 57. Qg2+ Kh5 58. Qf3+ g4 59. Qf5+
Kh6 60. a8=Q g3+ 61. Kh3 1-0

[Event "Copa Latina 2015"]
[Site "Vicente Lopez ARG"]
[Date "2015.03.19"]
[Round "1.40"]
[White "Bourgeois, William"]
[Black "Quiroga, Facundo"]
[Result "1/2-1/2"]
[WhiteElo "1879"]
[BlackElo "2261"]
[PlyCount "125"]
[EventDate "2015.03.19"]
[EventType "swiss"]
[EventRounds "9"]
[EventCountry "ARG"]
[Source "lmi"]
[SourceDate "2015.03.19"]

1. c4 Nf6 2. Nf3 g6 3. Nc3 Bg7 4. e4 d6 5. d4 O-O 6. Be2 e5 7. O-O Nc6 8. Be3
Bg4 9. d5 Ne7 10. Ne1 Bxe2 11. Qxe2 Kh8 12. Nd3 Neg8 13. f3 b6 14. b4 a5 15. a3
Nh5 16. Rac1 f5 17. c5 axb4 18. axb4 bxc5 19. bxc5 fxe4 20. fxe4 Rxf1+ 21. Qxf1
Ra3 22. cxd6 cxd6 23. Nb5 Rb3 24. Rb1 Rxb1 25. Qxb1 Bf8 26. Qb4 Ngf6 27. Nf2 h6
28. g3 Kg8 29. Qc4 Qa5 30. Qe2 Qb4 31. Bd2 Qb1+ 32. Kg2 Qc2 33. Nc3 Kh7 34. Qd1
Qxd1 35. Ncxd1 Nd7 36. Bb4 Nhf6 37. Nc3 Kg8 38. Kf3 Kf7 39. Nd3 h5 40. Nb5 Ne8
41. h3 Nb6 42. Nb2 Ke7 43. Ke2 Kd7 44. Kd3 Be7 45. Nc4 Nxc4 46. Kxc4 Bd8 47.
Kd3 h4 48. g4 Bg5 49. Ba5 Nf6 50. Bb4 Nxg4 51. Ke2 Nf6 52. Nxd6 Bf4 53. Kf3 g5
54. Kg2 Bg3 55. Kf3 Bf4 56. Kg2 g4 57. hxg4 Nxg4 58. Kh3 Nf2+ 59. Kxh4 Bd2 60.
Bxd2 Kxd6 61. Bb4+ Kd7 62. Kg5 Nxe4+ 63. Kf5 1/2-1/2

[Event "Copa Latina 2015"]
[Site "Vicente Lopez ARG"]
[Date "2015.03.19"]
[Round "1.42"]
[White "Albistur, Damian"]
[Black "Cuevas, Alex"]
[Result "0-1"]
[WhiteElo "1860"]
[BlackElo "2253"]
[PlyCount "42"]
[EventDate "2015.03.19"]
[EventType "swiss"]
[EventRounds "9"]
[EventCountry "ARG"]
[Source "lmi"]
[SourceDate "2015.03.19"]

1. e4 c5 2. Nf3 e6 3. d4 cxd4 4. Nxd4 a6 5. Bd3 Bc5 6. Nb3 Be7 7. Qg4 g6 8. Qg3
d6 9. O-O Nc6 10. c4 h5 11. Nc3 h4 12. Qf3 Qc7 13. Bf4 Ne5 14. Qe2 g5 15. Be3
g4 16. Bf4 Nf6 17. c5 dxc5 18. Nd5 exd5 19. exd5 Rh5 20. h3 c4 21. Qc2 Nf3+ 0-1

[Event "Copa Latina 2015"]
[Site "Vicente Lopez ARG"]
[Date "2015.03.19"]
[Round "1.43"]
[White "Malbran, Guillermo"]
[Black "Elias, Roberto"]
[Result "1-0"]
[WhiteElo "2250"]
[BlackElo "1845"]
[PlyCount "55"]
[EventDate "2015.03.19"]
[EventType "swiss"]
[EventRounds "9"]
[EventCountry "ARG"]
[Source "lmi"]
[SourceDate "2015.03.19"]

1. e4 c5 2. Nf3 Nc6 3. Bb5 e6 4. O-O Nge7 5. c3 d5 6. exd5 Qxd5 7. d4 a6 8. c4
Qh5 9. Bxc6+ Nxc6 10. d5 Ne5 11. Nxe5 Qxe5 12. Re1 Qd4 13. Qxd4 cxd4 14. Nd2
Be7 15. Nf3 O-O 16. Nxd4 Bf6 17. Nc2 exd5 18. cxd5 Bf5 19. Ne3 Rfe8 20. Bd2 Bd3
21. Bc3 Bg5 22. Rad1 Bb5 23. Nf5 Be2 24. Nxg7 Bxd1 25. Nxe8 Ba4 26. Nf6+ Kg7
27. Nd7+ Kg8 28. Nb6 1-0

[Event "Copa Latina 2015"]
[Site "Vicente Lopez ARG"]
[Date "2015.03.19"]
[Round "1.44"]
[White "Cibraro, Carlos Alberto"]
[Black "Caetano, Hugo Zanotti Mendon"]
[Result "0-1"]
[WhiteElo "1839"]
[BlackElo "2245"]
[PlyCount "76"]
[EventDate "2015.03.19"]
[EventType "swiss"]
[EventRounds "9"]
[EventCountry "ARG"]
[Source "lmi"]
[SourceDate "2015.03.19"]

1. e4 c5 2. Nc3 Nc6 3. d3 g6 4. g3 Bg7 5. Bg2 d6 6. Be3 e5 7. Nf3 Nge7 8. Qd2
Nd4 9. h3 Qa5 10. h4 Qb4 11. Rb1 h6 12. O-O Be6 13. a3 Qb6 14. b4 Qc6 15. bxc5
dxc5 16. Rb2 Bh3 17. Ne1 Bxg2 18. Kxg2 f5 19. f4 O-O 20. fxe5 fxe4 21. Rxf8+
Rxf8 22. Nxe4 Nef5 23. c3 Ne6 24. Nf3 c4 25. Bxa7 Qd5 26. Rb4 cxd3 27. Qb2 Nfd4
28. Bxd4 Qxe4 29. Qf2 d2 30. Qxd2 Qxf3+ 31. Kh2 Qd5 32. Rb6 Bxe5 33. Qe2 Nxd4
34. cxd4 Bd6 35. Qc2 Kg7 36. Qb2 Rf7 37. Rb5 Qf3 38. d5+ Kh7 0-1

[Event "Copa Latina 2015"]
[Site "Vicente Lopez ARG"]
[Date "2015.03.19"]
[Round "1.45"]
[White "Sztokbant, Bernardo Vainzoff"]
[Black "Durnhofer, Andrea"]
[Result "1-0"]
[WhiteElo "2237"]
[BlackElo "1839"]
[PlyCount "65"]
[EventDate "2015.03.19"]
[EventType "swiss"]
[EventRounds "9"]
[EventCountry "ARG"]
[Source "lmi"]
[SourceDate "2015.03.19"]

1. e4 c5 2. Nf3 e6 3. d4 cxd4 4. Nxd4 a6 5. Bd3 Qc7 6. O-O Nf6 7. c4 Be7 8. Nc3
O-O 9. Be3 d6 10. f4 Nbd7 11. g4 Rd8 12. g5 Ne8 13. Rf3 b6 14. Nf5 Nf8 15.
Nxe7+ Qxe7 16. Bxb6 Nc7 17. a4 Bb7 18. Qe2 Rdc8 19. Rg3 Ne8 20. Qf2 Nd7 21. Be3
Rab8 22. Rh3 Nf8 23. f5 g6 24. Rf1 Nc7 25. Qh4 e5 26. Qh6 f6 27. gxf6 Qf7 28.
Nd5 Bxd5 29. exd5 Qxf6 30. fxg6 Qg7 31. Qxg7+ Kxg7 32. Rf7+ Kg8 33. gxh7+ 1-0

[Event "Copa Latina 2015"]
[Site "Vicente Lopez ARG"]
[Date "2015.03.19"]
[Round "1.46"]
[White "Boabaid, Jorge Alberto Duard"]
[Black "Aguilar, Andres"]
[Result "0-1"]
[WhiteElo "1834"]
[BlackElo "2236"]
[PlyCount "78"]
[EventDate "2015.03.19"]
[EventType "swiss"]
[EventRounds "9"]
[EventCountry "ARG"]
[Source "lmi"]
[SourceDate "2015.03.19"]

1. e4 c5 2. Nf3 Nc6 3. d4 cxd4 4. Nxd4 Nf6 5. Nc3 d6 6. Bg5 e6 7. f4 Be7 8. Qd2
O-O 9. O-O-O Nxd4 10. Qxd4 Qa5 11. Kb1 Rd8 12. h3 Bd7 13. Bd3 Bc6 14. Qe3 h6
15. h4 Rd7 16. Qg3 h5 17. Rhf1 Re8 18. f5 e5 19. Bxf6 Bxf6 20. Be2 d5 21. exd5
Bxd5 22. Nxd5 Rxd5 23. Rxd5 Qxd5 24. Bxh5 e4 25. Be2 Rd8 26. h5 Qd2 27. Qe1 Qg5
28. g3 Rd2 29. Rf4 e3 30. a3 Be5 31. Rf3 Bd4 32. Rf4 Qf6 33. Rxd4 Qxd4 34. Kc1
Qc5 35. Bd1 Qd5 36. Bg4 Qc6 37. Bd1 Qe4 38. f6 Rh2 39. fxg7 e2 0-1

[Event "Copa Latina 2015"]
[Site "Vicente Lopez ARG"]
[Date "2015.03.19"]
[Round "1.47"]
[White "Penafiel, Horacio"]
[Black "Colque, Jonathan"]
[Result "1-0"]
[WhiteElo "2233"]
[BlackElo "1819"]
[PlyCount "53"]
[EventDate "2015.03.19"]
[EventType "swiss"]
[EventRounds "9"]
[EventCountry "ARG"]
[Source "lmi"]
[SourceDate "2015.03.19"]

1. d4 d5 2. c4 c6 3. Nf3 Nf6 4. Nc3 e6 5. e3 Be7 6. Bd3 Nbd7 7. O-O O-O 8. b3
Re8 9. Bb2 Qc7 10. Qc2 dxc4 11. bxc4 c5 12. Rad1 a6 13. a4 Bd6 14. h3 b6 15.
Ne4 Be7 16. Ne5 h6 17. f4 Nxe5 18. fxe5 Nxe4 19. Bxe4 Bb7 20. Bh7+ Kf8 21. Bg6
f5 22. exf6 gxf6 23. Bxe8 Kxe8 24. Qg6+ Kd8 25. Qg8+ Kd7 26. dxc5+ Kc6 27.
Qxe6+ 1-0

[Event "Copa Latina 2015"]
[Site "Vicente Lopez ARG"]
[Date "2015.03.19"]
[Round "1.48"]
[White "Wolfsdorf, Alexis"]
[Black "Mafra, Kaiser Luiz"]
[Result "0-1"]
[WhiteElo "1814"]
[BlackElo "2212"]
[PlyCount "78"]
[EventDate "2015.03.19"]
[EventType "swiss"]
[EventRounds "9"]
[EventCountry "ARG"]
[Source "lmi"]
[SourceDate "2015.03.19"]

1. d4 Nf6 2. c4 g6 3. Nc3 Bg7 4. e4 d6 5. Nf3 O-O 6. Be2 e5 7. d5 Nbd7 8. Bg5
h6 9. Bh4 a5 10. Nd2 Nc5 11. O-O c6 12. f3 cxd5 13. Nxd5 Ne6 14. Rc1 a4 15. b4
axb3 16. axb3 Nd4 17. Bd3 Ra2 18. b4 Bd7 19. Ra1 Rb2 20. Bxf6 Bxf6 21. Ra8 Qxa8
22. Nxf6+ Kg7 23. Nxd7 Rd8 24. Nb6 Qa3 25. Qc1 Qxb4 26. Rd1 Qxb6 27. c5 Qb4 28.
cxd6 Rc2 29. Qb1 Qxb1 30. Nxb1 Rc6 31. f4 Rcxd6 32. fxe5 Ne2+ 33. Kf2 Rxd3 34.
Rxd3 Rxd3 35. Kxe2 Rb3 36. Nd2 Rb2 37. Kd3 Kf8 38. g4 Rxd2+ 39. Kxd2 Ke7 0-1

[Event "Copa Latina 2015"]
[Site "Vicente Lopez ARG"]
[Date "2015.03.19"]
[Round "1.49"]
[White "Uelf, Maximiliano"]
[Black "Giuliani, German"]
[Result "1-0"]
[WhiteElo "2207"]
[BlackElo "1805"]
[PlyCount "77"]
[EventDate "2015.03.19"]
[EventType "swiss"]
[EventRounds "9"]
[EventCountry "ARG"]
[Source "lmi"]
[SourceDate "2015.03.19"]

1. Nf3 e6 2. g3 b6 3. Bg2 Bb7 4. O-O Be7 5. d4 f5 6. c4 Nf6 7. Nc3 d6 8. Ng5
Bxg2 9. Kxg2 Qd7 10. d5 exd5 11. cxd5 O-O 12. Ne6 Rf7 13. Qd3 c6 14. Ng5 Rf8
15. f3 Ne8 16. dxc6 Qxc6 17. Ne6 Rf7 18. Bf4 Nd7 19. Nd4 Qc5 20. b4 Ne5 21.
bxc5 Nxd3 22. exd3 Bf6 23. Nde2 dxc5 24. Rad1 g5 25. Be3 Nc7 26. d4 Re8 27. Bf2
b5 28. Rfe1 b4 29. Na4 c4 30. d5 Nb5 31. Bc5 Na3 32. Nd4 Rxe1 33. Rxe1 Bxd4 34.
Re8+ Kg7 35. Bxd4+ Kg6 36. Re6+ Kh5 37. h3 g4 38. fxg4+ fxg4 39. Be3 1-0

[Event "Copa Latina 2015"]
[Site "Vicente Lopez ARG"]
[Date "2015.03.19"]
[Round "1.50"]
[White "Lopez, Jose Luis"]
[Black "Avila, Lucas"]
[Result "1/2-1/2"]
[WhiteElo "1796"]
[BlackElo "2205"]
[PlyCount "63"]
[EventDate "2015.03.19"]
[EventType "swiss"]
[EventRounds "9"]
[EventCountry "ARG"]
[Source "lmi"]
[SourceDate "2015.03.19"]

1. e4 e5 2. Nf3 Nc6 3. Bb5 a6 4. Ba4 Nge7 5. c3 g6 6. d4 exd4 7. cxd4 Bg7 8.
O-O b5 9. Bb3 d6 10. h3 O-O 11. Nc3 Na5 12. Bc2 b4 13. Ne2 c5 14. a3 Nc4 15.
axb4 cxb4 16. b3 Nb6 17. Ra2 f5 18. Bg5 fxe4 19. Bxe4 d5 20. Bd3 Nd7 21. Qa1
Nc5 22. Bc2 Bxh3 23. Nf4 Bf5 24. Qe1 Ne4 25. Bxe7 Qxe7 26. Nxd5 Qd6 27. Bxe4
Bxe4 28. Qxe4 Rae8 29. Qd3 Qxd5 30. Rxa6 Re4 31. Ra5 Qxa5 32. Qxe4 1/2-1/2

[Event "Copa Latina 2015"]
[Site "Vicente Lopez ARG"]
[Date "2015.03.19"]
[Round "1.52"]
[White "Figar, Nicolas"]
[Black "Ruperez, Miguel"]
[Result "1/2-1/2"]
[WhiteElo "1776"]
[BlackElo "2194"]
[PlyCount "81"]
[EventDate "2015.03.19"]
[EventType "swiss"]
[EventRounds "9"]
[EventCountry "ARG"]
[Source "lmi"]
[SourceDate "2015.03.19"]

1. e4 c5 2. Nf3 e6 3. Nc3 a6 4. d4 cxd4 5. Nxd4 d6 6. g3 b5 7. Bg2 Bb7 8. O-O
b4 9. Na4 Nf6 10. Re1 Qc7 11. b3 Be7 12. f3 Nc6 13. Be3 O-O 14. c4 Nd7 15. Qd2
Nc5 16. Nxc6 Bxc6 17. Nxc5 dxc5 18. Qf2 Bb7 19. f4 a5 20. a4 Rad8 21. Rad1 h6
22. e5 Bxg2 23. Kxg2 g5 24. Qf3 f6 25. exf6 Bxf6 26. Qe4 Kg7 27. fxg5 hxg5 28.
Rxd8 Rxd8 29. Qxe6 Qb7+ 30. Kg1 Qf3 31. Rf1 Rd1 32. Qd7+ Rxd7 33. Rxf3 Rd3 34.
h4 Rxb3 35. hxg5 Be5 36. Kf2 Rb2+ 37. Ke1 Rc2 38. Bxc5 Rxc4 39. Bb6 Bc3+ 40.
Kd1 Kg6 41. Bxa5 1/2-1/2

[Event "Copa Latina 2015"]
[Site "Vicente Lopez ARG"]
[Date "2015.03.19"]
[Round "1.53"]
[White "Souza, Rafael Cabral De"]
[Black "Dabraccio, Guillermo"]
[Result "1-0"]
[WhiteElo "2194"]
[BlackElo "1756"]
[PlyCount "61"]
[EventDate "2015.03.19"]
[EventType "swiss"]
[EventRounds "9"]
[EventCountry "ARG"]
[Source "lmi"]
[SourceDate "2015.03.19"]

1. e4 e6 2. d4 d5 3. Nd2 c5 4. Ngf3 Qb6 5. exd5 exd5 6. Bd3 Nc6 7. O-O Nf6 8.
Re1+ Be7 9. dxc5 Qxc5 10. Nb3 Qb6 11. Nbd4 Bg4 12. Nxc6 bxc6 13. Qe2 Qb7 14.
Bf4 Rd8 15. Ba6 Bxf3 16. Bxb7 Bxe2 17. Bxc6+ Kf8 18. Rxe2 Bc5 19. Rd1 h6 20.
Be5 d4 21. Red2 Ke7 22. Bxd4 Bxd4 23. Rxd4 Rxd4 24. Rxd4 Rb8 25. b4 Rc8 26. b5
a6 27. c4 Ke6 28. f4 Rc7 29. a4 Kf5 30. a5 Re7 31. bxa6 1-0